00391 2200157 4500001002100000005001500021035002000036245005900056100002100115300001500136260002600151082000800177084001400185020002200199990001200221INLIS00000000000187620250516081231 a0010-05250001681 aKumpulan Cerita Rakyat 33 Provinsi /cYustitia Angelia0 aYustitia Angelia c16 x 24 cm aSolo :bLingkar Media a800 a800 YUS k a978-602-365-011-8 a0754804